00894cam a2200253 a 45000010005000000030008000050050017000130080039000300200017000690350018000860400032001040410008001360820021001441000030001652450078001952600037002733000033003105040064003436500029004076500020004369420012004569990015004689520157004833626BD-RjUL20211208233747.0131219s1992 nyua b 001 0 eng a0070178879 : a(BD-RjUL)3660 aDLCcDLCdDLCdBD-RjULbeng aeng00a332.645220bDUO1 aDubofsky, David A.91148710aOptions and financial futures :bvaluation and uses /cDavid A. Dubofsky. aNew York :bMcGraw-Hill,cc1992. axx, 699 p. :bill. ;c25 cm. aIncludes bibliographical references (p. 659-683) and index. 0aOptions (Finance)911489 0aFutures.910964 2ddccBK c3626d3626 00102ddc40718NFICaRUCLbRUCLcReadingd2000-06-10eDhaka Karim internationalg787.00l0o332.645 DUO 1992r2013-12-19 00:00:00tC-1w2021-12-08yBK